Silent spring

Αποθηκεύτηκε σε:
Λεπτομέρειες βιβλιογραφικής εγγραφής
Κύριος συγγραφέας: Rochel Carson
Μορφή: Βιβλίο
Γλώσσα:Undetermined
Έκδοση: New York Houghton Mifflin Company 1994
Θέματα:
Ετικέτες: Προσθήκη ετικέτας
Δεν υπάρχουν, Καταχωρήστε ετικέτα πρώτοι!
Thư viện lưu trữ: Trung tâm Học liệu Trường Đại học Cần Thơ
LEADER 00579nam a2200181Ia 4500
001 CTU_30061
008 210402s9999 xx 000 0 und d
082 |a 628.52 
082 |b C321 
100 |a Rochel Carson 
245 0 |a Silent spring 
245 0 |c Rochel Carson 
260 |a New York 
260 |b Houghton Mifflin Company 
260 |c 1994 
650 |a environmental protection,pestides - environmental aspects,pollutants - environmental aspects,pollution - environmental aspects 
904 |i Liên, 990226 
980 |a Trung tâm Học liệu Trường Đại học Cần Thơ